The casual vacancy / (Record no. 2001)

MARC details
000 -LEADER
fixed length control field 00549nam a22001817a 4500
005 - DATE AND TIME OF LATEST TRANSACTION
control field 20230328022940.0
008 - FIXED-LENGTH DATA ELEMENTS--GENERAL INFORMATION
fixed length control field 230328b |||||||| |||| 00| 0 eng d
020 ## - INTERNATIONAL STANDARD BOOK NUMBER
International Standard Book Number 978-0-316-22858-9
082 ## - DEWEY DECIMAL CLASSIFICATION NUMBER
Classification number Fic. R884 2012
100 ## - MAIN ENTRY--PERSONAL NAME
Personal name Rowling, Joanne K.
Relator term author
245 ## - TITLE STATEMENT
Title The casual vacancy /
Statement of responsibility, etc. J. K. [Joanne K] Rowling
260 ## - PUBLICATION, DISTRIBUTION, ETC.
Place of publication, distribution, etc. New York:
Name of publisher, distributor, etc. Little Brown,
Date of publication, distribution, etc. c2012
300 ## - PHYSICAL DESCRIPTION
Extent 503p.
541 ## - IMMEDIATE SOURCE OF ACQUISITION NOTE
Accession number 5445
650 ## - SUBJECT ADDED ENTRY--TOPICAL TERM
Topical term or geographic name entry element City council members - Death - Fiction
650 ## - SUBJECT ADDED ENTRY--TOPICAL TERM
Topical term or geographic name entry element Local election - Fiction
650 ## - SUBJECT ADDED ENTRY--TOPICAL TERM
Topical term or geographic name entry element City and town life - England - Fiction
Holdings
Withdrawn status Lost status Source of classification or shelving scheme Damaged status Not for loan Home library Current library Date acquired Total Checkouts Full call number Barcode Date last seen Copy number Price effective from Koha item type
    Dewey Decimal Classification     ctu-moalboal ctu-moalboal 10/15/2018   Fic. R884 2012 5445 03/28/2023 1 03/28/2023 Books-Fiction